ბათუმის შოთა რუსთაველის სახელმწიფო უნივერსიტეტის ბიბლიოთეკა

The Japanese economic system and its historical origins / (ბიბ.ჩანაწერი № 63945)

000 -LEADER
fixed length control field 00887nam a22001937a 4500
005 - DATE AND TIME OF LATEST TRANSACTION
control field 20260226125012.0
008 - FIXED-LENGTH DATA ELEMENTS--GENERAL INFORMATION
fixed length control field 260226s2002 enk||||| |||| 00| 0 eng d
020 ## - INTERNATIONAL STANDARD BOOK NUMBER
International Standard Book Number 9780198289012
080 ## - UNIVERSAL DECIMAL CLASSIFICATION NUMBER
Universal Decimal Classification number 338 : 330.342 : 336.02](520) The-44
245 ## - TITLE STATEMENT
Title The Japanese economic system and its historical origins /
Statement of responsibility, etc. edited by Tetsuji Okazaki a. Masahiro Okuno-Fujiwara.
264 ## - PRODUCTION, PUBLICATION, DISTRIBUTION, MANUFACTURE, AND COPYRIGHT NOTICE
Place of production, publication, distribution, manufacture Oxford :
Name of producer, publisher, distributor, manufacturer Oxford Univ. press,
Date of production, publication, distribution, manufacture, or copyright notice 2002.
300 ## - PHYSICAL DESCRIPTION
Extent 294 p.;
Other physical details 24 cm.
653 ## - INDEX TERM--UNCONTROLLED
keyword იაპონიის ეკონომიკა
653 ## - INDEX TERM--UNCONTROLLED
keyword ეკონომიკური სისტემები იაპონიაში
653 ## - INDEX TERM--UNCONTROLLED
keyword იაპონიის საფინანსო პოლიტიკა
700 ## - ADDED ENTRY--PERSONAL NAME
Personal name Okazaki, Tetsuji
Relator term რედაქტორი
9 (RLIN) 26985
700 ## - ADDED ENTRY--PERSONAL NAME
Personal name Okuno-Fujiwara, Masahiro
Relator term რედაქტორი
9 (RLIN) 26986
942 ## - ADDED ENTRY ELEMENTS (KOHA)
Source of classification or shelving scheme
Koha item type წიგნი
ეგზემპლარები
Withdrawn status Lost status Source of classification or shelving scheme Damaged status Not for loan Permanent Location Current Location Shelving location Date acquired Cost, normal purchase price Full call number Barcode Date last seen Copy number Uniform Resource Identifier Price effective from Koha item type Public note
          ბათუმის შოთა რუსთაველის სახელმწიფო უნივერსიტეტის მთავარი ბიბლიოთეკა ბათუმის შოთა რუსთაველის სახელმწიფო უნივერსიტეტის მთავარი ბიბლიოთეკა წიგნსაცავი 2026-02-26 17.00 338 : 330.342 : 336.02](520) The-44 73828 2026-02-26 73828 იაპონიის ელჩის საჩუქარი 2026-02-26 წიგნი 17 ლ.